| 000 | 00733nam a2200277 a 4500 | ||
|---|---|---|---|
| 003 | AR-BaBNM | ||
| 005 | 20251128205849.0 | ||
| 008 | 082120s2002 ||||||||||||||000 | spa|| | ||
| 020 | _a84-271-1881-3 | ||
| 040 | _cAR-BaBNM | ||
| 100 | 1 | _aIrwin, Ann | |
| 245 | 0 | 0 |
_aLa tartamudez en los niños _buna ayuda práctica para los padres |
| 260 |
_aBilbao _bEdiciones Mensajero _c1994 |
||
| 300 |
_a127 p. _bil. |
||
| 490 | 0 | _aBiblioteca. Pedagogía | |
| 650 | 4 | _aEDUCACION DEL NIÑO | |
| 650 | 4 | _aDESARROLLO DEL LENGUAJE | |
| 650 | 4 | _aLENGUAJE DEL NIÑO | |
| 650 | 4 | _aFONETICA | |
| 650 | 4 | _aTERAPIA | |
| 653 | _aTARTAMUDEZ | ||
| 653 | _aREEDUCACION | ||
| 653 | _aORIENTACION EDUCATIVA | ||
| 942 | _cBK | ||
| 998 | _carturo | ||
| 999 |
_c13066 _d13066 |
||